000 00487nam a2200169Ia 4500
003 GCL
008 140319s9999 xx 000 0 eng d
040 _aGCL /
_cGCL
082 0 4 _a658.4092
_bN V
100 1 _aNANUS, BURT
245 1 0 _aVISIONARY LEADERSHIP: GREATING A COMPELLING SENSE OF DIRECTION FOR YOUR ORGANIZATION /
_cNANUS, BURT
260 _a[S.N] :
_bJOSSEY-BASS PUBLISHERS ،
_c1992
300 _a237 P
650 0 4 _aMANAGEMENT
650 0 4 _aLEADER SHIP
942 _2ddc
_cBK
999 _c20708
_d20708